000 00810nas a2200277 4500
001 BR9904666
003 BR-BrBNA
005 20231205101602.0
007 ta
008 230509b bl.|||p| |||| 00| 00por d
040 _aBR-BrBNA
_bpor
_cBiblioteca Nacional de Agricultura
041 _a(Pt)
072 _aL73; L70
100 1 _aCardona, R.O.
100 1 _aGomes, A.S.
100 1 _aBeltrao, N.
245 1 _aO uso de implante osseo homologo, associado a cisplatina, no tratamento do osteossarcoma canino
650 _aCao
650 _aOsteossarcoma
650 _aUmero
650 _aCirurgia
650 _aTratamento
773 0 _tHora Veterinaria (Brazil)
_xISSN 0101-9163
_g(Sep-Oct 1999), v. 19(111) p. 60-64
_wBR9904666
909 _a202311
_bLúcia
_c55
_dLúcia Elande
942 _2AGRIS
_n0
_cANA
999 _c162688
_d162688